Estadísticas para Prueba de Hitler

Haz click aquí para intentar la prueba.

Estadísticas generales

  • Esta prueba ha sido intentada 153 veces
  • La puntuación promedio es 13 de 19

Estadísticas de respuestas

PistaRespuesta% Correcto
País de nacimientoAustria
97%
Causa de muerteSuicidio
95%
Año de muerte1945
94%
Dictador italiano aliado de HitlerBenito Mussolini
93%
País invadido por la Alemania nazi en 1939Polonia
91%
Líder soviético rival de HitlerIósif Stalin
89%
Nombre de la raza que, según Hitler, era superiorAria
78%
Conflicto bélico en el que participó la Alemania naziSegunda Guerra Mundial
78%
Genocidio realizado en Europa contra los judíosHolocausto
77%
Mientras vivía en Viena, ¿qué quería estudiar?Arte
72%
Premio al que estuvo nominado en 1939Premio Nobel
62%
Nombre del cargo político y de su bigote característicoFührer
57%
Nombre de su primer libroMein Kampf
57%
Ciudad sede del partido naziMúnich
55%
Marca de coches creada con la intención de fabricar un "coche del pueblo"Volkswagen
53%
Nombre de su mujerEva Braun
46%
El partido nazi los instaló en la Europa ocupada durante la Segunda Guerra MundialCampos de concentración
31%
¿Quién era el presidente alemán cuando Hitler se convirtió en canciller?Paul von Hindenburg
14%
Intento fallido de golpe de Estado del 8 y 9 de noviembre de 1923Putsch de Múnich
11%

Distribución de puntuación

Porcentaje por número respondido

Porcentaje de gente con cada puntuación

Historial de tus puntuaciones

No has intentado esta prueba.